Men and machines (Record no. 84246)

MARC details
000 -LEADER
fixed length control field 00707cam a2200241 4500
001 - CONTROL NUMBER
control field sa 68012015
003 - CONTROL NUMBER IDENTIFIER
control field DLC
005 - DATE AND TIME OF LATEST TRANSACTION
control field 20260227112606.0
008 - FIXED-LENGTH DATA ELEMENTS--GENERAL INFORMATION
fixed length control field 691107s1968 ii b 00110 eng
010 ## - LIBRARY OF CONGRESS CONTROL NUMBER
LC control number sa 68012015
025 ## - OVERSEAS ACQUISITION NUMBER
Overseas acquisition number PL480:I-E-11039
050 0# - LIBRARY OF CONGRESS CALL NUMBER
Classification number HD6971
Item number .D45 1968
082 ## - DEWEY DECIMAL CLASSIFICATION NUMBER
Classification number 301.5/5
100 20 - MAIN ENTRY--PERSONAL NAME
Personal name Devadas Pillai, S.,
Dates associated with a name 1935-
245 10 - TITLE STATEMENT
Title Men and machines
Statement of responsibility, etc. [by] S. Devadas Pillai.
260 0# - PUBLICATION, DISTRIBUTION, ETC.
Place of publication, distribution, etc. Bombay,
Name of publisher, distributor, etc. Popular Prakashan
Date of publication, distribution, etc. [1968]
300 ## - PHYSICAL DESCRIPTION
Extent xii, 176 p.
Dimensions 23 cm.
350 ## - PRICE (NR) (BK AM CF MU VM SE) [OBSOLETE]
Price 28.00
500 ## - GENERAL NOTE
General note A revision of the author's thesis, University of Bombay, 1964.
504 ## - BIBLIOGRAPHY, ETC. NOTE
Bibliography, etc. note Bibliographical footnotes.
650 #0 - SUBJECT ADDED ENTRY--TOPICAL TERM
Topical term or geographic name entry element Industrial sociology.
650 #0 - SUBJECT ADDED ENTRY--TOPICAL TERM
Topical term or geographic name entry element Psychology, Industrial.

No items available.

Powered by Koha